000 00640cam a22002291 4500
008
049 0 _aMAIN
090 _aT11NEL
100 1 _aNelson, J. Raleigh.
245 1 0 _aWriting the technical report/
_c[by] J. Raleigh Nelson.
250 _a2nd ed.
260 _aNew York:
_bMcGraw-Hill Book Company, Inc.,
_c1940.
300 _axv, 373 p.
_c23 cm.
650 0 _aReports
_xPreparation.
650 0 _aTechnology
_xLanguage.
650 0 _aTechnical writing.
907 _a.b10167109
_b21-09-12
_c05-07-05
003
005 20230123134029.0
040 _cNUST
942 _cBOOKS
_kT11NEL
999 _c158807
_d158807